Odpad je dnes moderný rozhovory o hudbe a o inom- rozhovor druhý s Danom Matejom; 1963 II.

Bibliographic Details
Main Authors: Balazsházyová, Zuzana (ain), Hablák, Andrej, 1977- (Adapter), Matej, Daniel, 1963- (Author)
Format: Article
Language:Slovak
PhysicalDescription:Fotogr.
Subjects:

MARC

LEADER 00000nab a2200000 a 4500
001 vtls000649307
003 SK-MaSNL
005 20260304094822.0
008 250425c1997 xo 0 slo
015 |a SNBRA1998/02-03175 
035 |a CLN000001502 
035 |a urn:nbn:sk:snk-abbrf6 
035 |a (urnnbn)urn:nbn:sk:snk:ar-002v6d 
035 |a (uuid)4da4e8e6-b977-49ae-ba7f-3ada90c8a884 
040 |a SNKBUCL  |b slo  |c SNKBUCL  |e AACR2 
041 0 |a slo 
044 |a xo  |c SK 
080 |a 78.071.1/.2  |2 1997 
100 1 |a Balazsházyová, Zuzana  |4 ain  |9 1388897 
245 1 0 |a Odpad je dnes moderný  |b rozhovory o hudbe a o inom- rozhovor druhý s Danom Matejom; 1963  |n II.  |c [zhovárala sa] Zuzka Balazsházyová 
300 |b Fotogr. 
500 |a Redigoval Andrej Hablák 
600 1 7 |a Matej, Daniel,  |d 1963-  |2 snkbucl  |9 112024 
655 7 |a články z novín a časopisov  |2 snkbucl  |2 snkbucl  |9 267496 
700 1 |a Hablák, Andrej,  |d 1977-  |4 adp  |9 112967 
700 1 |a Matej, Daniel,  |d 1963-  |4 aut  |9 112024 
773 0 |t Dotyky  |g Roč. 9, č. 7-8 (1997), s. 12-14 
850 |a Slovenská národná knižnica 
852 |a Slovenská národná knižnica 
958 |a article15 
958 |a OND 
958 |a SK 
958 |a EUIPO 
992 |a RBX 
999 |c 2829126  |d 2831056